00860nam a2200241 i 45000010005000000030009000050050017000140080041000310200018000720800014000901000026001042450103001302600032002333000029002654900040002945000015003345050029003497000033003788300048004118520022004599990015004819520122004966632ES-MaACL20230906145026.0900207s1988 sp |||| |dspa d a84-249-1264-0 a875-5"00"0 aDion de Prusa.94485110aDiscursos. nI-XI / cDion de Prusa ; traducción, introducciones y notas de Gaspar Morocho Gayo. aMadrid : bGredos, c[1988] a1 v. (547 p.) ; c20 cm.1 aBiblioteca clásica Gredos ; v110 aÍndices.8 aContiene: [v.1] ; tI-XI1 aMorocho Gayo, Gaspar.9836310 aBiblioteca clásica Gredos ; v1109177556 aES-MaACLjL-13806 c6632d6632 00104070aATENEOMbATENEOMcDEPO2d2008-01-17eSCl0oL-13806p1006756r2023-02-23 00:00:00w2023-02-23yMONOGRAFIA